[Event "Championnat de France - Vétérans"]
[Site "Chartres"]
[Date "2005.08.21"]
[Round "6.1"]
[White "Goldenberg, Richard"]
[Black "Leitner, Walter"]
[Result "1-0"]
[WhiteElo "2305"]
[BlackElo "2097"]
[PlyCount "109"]
[EventDate "2005.??.??"]

1. Nf3 d5 2. g3 Nf6 3. Bg2 c6 4. b3 Bf5 5. Bb2 e6 6. O-O h6 7. d3 Be7 8. c4 O-O
9. Nbd2 Bh7 10. Qc2 Nbd7 11. a3 a5 12. Bc3 Qb6 13. Qb2 Rfd8 14. b4 a4 15. cxd5
exd5 16. Rfc1 Ne8 17. Bd4 Bf6 18. Bh3 Bxd4 19. Qxd4 Qxd4 20. Nxd4 Nef6 21. Rab1
Re8 22. Kf1 Bg6 23. N2f3 Bh5 24. Rb2 Bg4 25. Bg2 g6 26. Nd2 Rec8 27. Nb1 Be6
28. Rbc2 Kf8 29. h3 h5 30. f4 Re8 31. Nd2 Bf5 32. N2f3 Re3 33. Nxf5 gxf5 34.
Kf2 Rae8 35. Nh4 R3e6 36. Nxf5 Kg8 37. Bf3 Nf8 38. Nd4 N8d7 39. Nxe6 fxe6 40.
g4 hxg4 41. hxg4 Re7 42. e4 Rg7 43. g5 Ne8 44. Bg4 Nc7 45. Kg3 e5 46. Bxd7
exf4+ 47. Kxf4 Rxd7 48. Rh2 dxe4 49. dxe4 Rd3 50. Rch1 Ne6+ 51. Ke5 Nf8 52. Rh3
Rd7 53. Kf5 Rf7+ 54. Kg4 Ng6 55. Rh6 1-0

[Event "Championnat de France - Vétérans"]
[Site "Chartres"]
[Date "2005.08.21"]
[Round "6.2"]
[White "Rosenfeld, Imre"]
[Black "Dubreuil, Remy"]
[Result "1/2-1/2"]
[WhiteElo "2047"]
[BlackElo "2023"]
[PlyCount "65"]
[EventDate "2005.??.??"]

1. d4 Nf6 2. Nf3 g6 3. Nbd2 Bg7 4. c3 O-O 5. e4 d6 6. Be2 Nbd7 7. O-O c6 8. Qc2
e5 9. dxe5 dxe5 10. Re1 Qc7 11. b3 Re8 12. Bb2 Nh5 13. g3 Nf8 14. Rad1 Bg4 15.
Nc4 b5 16. Ne3 Bxf3 17. Bxf3 Nf6 18. c4 a6 19. Rd3 Rad8 20. Red1 Ne6 21. Rxd8
Nxd8 22. Ng4 Nd7 23. cxb5 axb5 24. Be2 h5 25. Ne3 Qb7 26. Rc1 Nf8 27. Qd2 Nfe6
28. Nc2 Kh7 29. Rd1 Kg8 30. Qd7 Qxd7 31. Rxd7 Nc5 32. Rc7 Nxe4 33. Bf3 1/2-1/2

[Event "Championnat de France - Vétérans"]
[Site "Chartres"]
[Date "2005.08.21"]
[Round "6.3"]
[White "Peyrin, Jean"]
[Black "Oger, Claude"]
[Result "1-0"]
[WhiteElo "2059"]
[BlackElo "2002"]
[PlyCount "123"]
[EventDate "2005.??.??"]

1. d4 Nf6 2. c4 g6 3. Nc3 Bg7 4. e4 d6 5. f4 c5 6. d5 O-O 7. Nf3 a6 8. a4 e5 9.
fxe5 dxe5 10. Be2 Ne8 11. O-O Nd6 12. Be3 b6 13. Qd2 f5 14. Bg5 Bf6 15. Bxf6
Qxf6 16. exf5 Bxf5 17. Ng5 Qe7 18. g4 Bd7 19. Rxf8+ Qxf8 20. Rf1 Qe7 21. b3 Ra7
22. Qe3 Bc8 23. Nge4 Nd7 24. Nxd6 Qxd6 25. Qg5 Nf8 26. Ne4 Qe7 27. Qh6 Qg7 28.
Nf6+ Kh8 29. Qxg7+ Kxg7 30. Ne8+ Kg8 31. Nd6 Bd7 32. Kf2 h5 33. gxh5 Bh3 34.
Rg1 Rd7 35. Ne4 Rf7+ 36. Ke3 Rf4 37. hxg6 Kg7 38. Rg5 Bf5 39. Bf3 Nxg6 40. h4
Kh6 41. Rh5+ Kg7 42. Ng3 Bc2 43. Be4 Bxe4 44. Nxe4 Rxh4 45. Rxh4 Nxh4 46. Nd6
Kf6 47. Nc8 Nf5+ 48. Kd3 Nd4 49. Nxb6 Nxb3 50. Kc3 Nd4 51. Nd7+ Kf5 52. Nxc5
Ne2+ 53. Kd3 Nf4+ 54. Ke3 a5 55. Nb3 Ng2+ 56. Kf2 Nf4 57. Nxa5 e4 58. Nc6 Nd3+
59. Ke3 Nc5 60. a5 Kf6 61. Nb4 Ke7 62. a6 1-0

[Event "Championnat de France - Vétérans"]
[Site "Chartres"]
[Date "2005.08.21"]
[Round "6.4"]
[White "Gibson, John"]
[Black "Cousin, Philippe"]
[Result "1/2-1/2"]
[WhiteElo "1950"]
[BlackElo "2047"]
[PlyCount "32"]
[EventDate "2005.??.??"]

1. Nf3 Nf6 2. c4 e6 3. g3 d5 4. Bg2 c6 5. b3 Be7 6. Bb2 Nbd7 7. O-O O-O 8. d4
Re8 9. Nbd2 Bd6 10. Ne5 Bc7 11. e4 Nxe4 12. Nxe4 dxe4 13. Bxe4 f6 14. Bxh7+
Kxh7 15. Qh5+ Kg8 16. Qf7+ Kh7 1/2-1/2

[Event "Championnat de France - Vétérans"]
[Site "Chartres"]
[Date "2005.08.21"]
[Round "6.5"]
[White "Griggio, Jean-Paul"]
[Black "Guillaumat, Jean-Pierre"]
[Result "0-1"]
[WhiteElo "1940"]
[BlackElo "2034"]
[PlyCount "98"]
[EventDate "2005.??.??"]

1. e4 c5 2. Nf3 e6 3. d4 cxd4 4. Nxd4 a6 5. Be2 Qc7 6. a3 Nf6 7. Nc3 Be7 8. O-O
O-O 9. Be3 d6 10. f4 Nbd7 11. g4 Nc5 12. Bf3 Bd7 13. g5 Ne8 14. f5 Rc8 15. Qd2
b5 16. Bg4 Qb7 17. Bf3 Na4 18. e5 d5 19. Nxa4 bxa4 20. c3 exf5 21. Qg2 Be6 22.
h4 g6 23. h5 Bc5 24. Rad1 Nc7 25. c4 Bxd4 26. Rxd4 Qb3 27. Qd2 dxc4 28. h6 Nb5
29. Rd6 c3 30. bxc3 Qxc3 31. Rxa6 Rfd8 32. Qf2 Qxa3 33. Rb1 Nc3 34. Rb2 Nd1 35.
Bxd1 Rxd1+ 36. Kh2 Rd3 37. Bc5 Qxc5 38. Qxc5 Rxc5 39. Ra8+ Rc8 40. Rxa4 Rd5 41.
Re2 Rdc5 42. Kg3 Kf8 43. Rd4 Ke7 44. Kf2 Rc4 45. Red2 Rxd4 46. Rxd4 Rc4 47. Ke3
Rxd4 48. Kxd4 Kd7 49. Kc5 Kc7 0-1

[Event "Championnat de France - Accession"]
[Site "Chartres"]
[Date "2005.08.23"]
[Round "7.1"]
[White "Chernuschevich, Alexei"]
[Black "Prie, Eric"]
[Result "1/2-1/2"]
[WhiteElo "2530"]
[BlackElo "2464"]
[PlyCount "33"]
[EventDate "2005.??.??"]

1. c4 c6 2. e4 d5 3. cxd5 cxd5 4. exd5 Nf6 5. Nc3 Nxd5 6. Nf3 e6 7. Bc4 Be7 8.
d4 Nxc3 9. bxc3 Qc7 10. Qd3 Nd7 11. O-O O-O 12. Bb3 b6 13. Re1 Bb7 14. Ng5 Nf6
15. Bc2 Rfc8 16. Bd2 h6 17. Nf3 1/2-1/2

[Event "Championnat de France - Accession"]
[Site "Chartres"]
[Date "2005.08.23"]
[Round "7.2"]
[White "Terrieux, Kevin"]
[Black "Libiszewski, Fabien"]
[Result "0-1"]
[WhiteElo "2365"]
[BlackElo "2413"]
[PlyCount "82"]
[EventDate "2005.??.??"]

1. e4 e6 2. d4 d5 3. Nc3 Nf6 4. e5 Nfd7 5. f4 c5 6. Nf3 Nc6 7. Be3 cxd4 8. Nxd4
Bc5 9. Qd2 O-O 10. O-O-O a6 11. h4 Nxd4 12. Bxd4 b5 13. Rh3 b4 14. Ne2 a5 15.
h5 Ba6 16. Kb1 Qc7 17. g4 Rfc8 18. g5 a4 19. Bxc5 Nxc5 20. Bg2 b3 21. cxb3 axb3
22. a3 Bxe2 23. Qxe2 Nd3 24. Rhxd3 Qc2+ 25. Qxc2 bxc2+ 26. Ka2 cxd1=Q 27. Rxd1
Rc2 28. Bf1 Rf2 29. Bb5 Rxf4 30. Kb3 Re4 31. a4 Rxe5 32. Kb4 Rxg5 33. Kc5 d4+
34. Kc6 Rd5 35. Kb7 Rdd8 36. Bc6 Kf8 37. b4 Ke7 38. Kb6 Rac8 39. b5 e5 40. Kc5
d3 41. a5 e4 0-1

[Event "Championnat de France - Accession"]
[Site "Chartres"]
[Date "2005.08.23"]
[Round "7.3"]
[White "Gharamian, Tigran"]
[Black "Gozzoli, Yannick"]
[Result "1/2-1/2"]
[WhiteElo "2412"]
[BlackElo "2444"]
[PlyCount "22"]
[EventDate "2005.??.??"]

1. e4 e5 2. Nf3 Nc6 3. Nc3 Nf6 4. d4 exd4 5. Nxd4 Bb4 6. Nxc6 bxc6 7. Bd3 d5 8.
exd5 cxd5 9. Qe2+ Qe7 10. Qxe7+ Kxe7 11. O-O c6 1/2-1/2

[Event "Championnat de France - Accession"]
[Site "Chartres"]
[Date "2005.08.23"]
[Round "7.4"]
[White "Edouard, Romain"]
[Black "Giffard, Nicolas"]
[Result "1/2-1/2"]
[WhiteElo "2334"]
[BlackElo "2330"]
[PlyCount "63"]
[EventDate "2005.??.??"]

1. e4 c6 2. d4 d5 3. e5 Bf5 4. Nf3 e6 5. Be2 Nd7 6. O-O h6 7. b3 Ne7 8. Ba3 Ng6
9. Bxf8 Ndxf8 10. Qd2 Nh7 11. Ne1 h5 12. f4 Nhf8 13. Nf3 h4 14. c4 Ne7 15. Nc3
Nfg6 16. Rac1 f6 17. c5 Be4 18. Rce1 Qd7 19. b4 Nf5 20. Bd1 Bxf3 21. Bxf3 fxe5
22. fxe5 O-O {=} 23. Bg4 Nge7 24. Ne2 Nh6 25. Bh3 Nef5 26. Rb1 Qe7 27. Bxf5
Nxf5 28. Nf4 Qg5 29. Qd3 Qh6 30. Rf2 Rf7 31. Rbf1 Raf8 32. a4 1/2-1/2

[Event "Championnat de France - Accession"]
[Site "Chartres"]
[Date "2005.08.23"]
[Round "7.6"]
[White "Lerch, Patrice"]
[Black "Collas, Didier"]
[Result "0-1"]
[WhiteElo "2291"]
[BlackElo "2425"]
[PlyCount "108"]
[EventDate "2005.??.??"]

1. e4 c5 2. Nc3 Nc6 3. g3 g6 4. Bg2 Bg7 5. d3 d6 6. Be3 Rb8 7. Qd2 b5 8. Nge2
Nd4 9. O-O b4 10. Nd1 h5 11. Nf4 g5 12. Ne2 g4 13. Nxd4 cxd4 14. Bg5 Qa5 15. a3
Nf6 16. Qc1 b3 17. cxb3 Nd7 18. f4 gxf3 19. Rxf3 Ne5 20. Nf2 Bd7 21. b4 Qa4 22.
b3 Qxb3 23. Qc7 Rc8 24. Qxa7 Qc3 25. Rf1 Qc6 26. Rf5 Ra8 27. b5 Rxa7 28. bxc6
Bxc6 29. Rb1 Rxa3 30. Bf1 Kd7 31. Bf4 f6 32. Be2 h4 33. gxh4 Rxh4 34. Bg3 Rh8
35. Bxe5 dxe5 36. Ng4 Ra2 37. Rf2 Kd6 38. Bf3 Rxf2 39. Kxf2 e6 40. Kg3 f5 41.
Nf2 Bh6 42. h4 Be3 43. Nh1 Kc5 44. h5 Bb5 45. Rb3 Ra8 46. Kh3 Ra2 47. Ng3 Rf2
48. Bg2 Ba4 49. Rb8 Bd1 50. Rc8+ Kb4 51. exf5 exf5 52. Nh1 Bg4+ 53. Kg3 Rd2 54.
Be4 Bf4+ 0-1

[Event "Championnat de France - Accession"]
[Site "Chartres"]
[Date "2005.08.23"]
[Round "7.7"]
[White "Olivier, Jean-Christophe"]
[Black "Govciyan, Pavel"]
[Result "1/2-1/2"]
[WhiteElo "2373"]
[BlackElo "2328"]
[PlyCount "183"]
[EventDate "2005.??.??"]

1. e4 e6 2. d4 b6 3. Nf3 Bb7 4. Bd3 c5 5. c3 Nf6 6. Qe2 Be7 7. Nbd2 cxd4 8.
cxd4 O-O 9. h4 Nh5 10. Nf1 Bb4+ 11. Kd1 f5 12. Ng5 Qe8 13. exf5 Nc6 14. Be3
exf5 15. Bc4+ d5 16. Bxd5+ Kh8 17. Bf7 Rxf7 18. Qxh5 g6 19. Nxf7+ Qxf7 20. Qg5
Be7 21. Qf4 Rd8 22. Nd2 Bd6 23. Qg5 f4 24. d5 fxe3 25. dxc6 Be7 26. Qxe3 Bxc6
27. Qc3+ Kg8 28. Qxc6 Bb4 29. a3 Qb3+ 30. Ke1 Bxd2+ 31. Kf1 Qxb2 32. Qc4+ Kh8
33. Rd1 b5 34. Qe2 a6 35. Rh3 Qd4 36. Re3 Bxe3 37. Rxd4 Bxd4 38. Qe7 Ra8 39.
Qe4 Rd8 40. Qe7 Ra8 41. Qd6 Bb2 42. Qc6 Rf8 43. Qxa6 Kg7 44. f3 Rf7 45. Qa5 Rf5
46. Qd2 Ba1 47. Qd7+ Kg8 48. Qc8+ Kg7 49. Qb7+ Kg8 50. g4 Rf7 51. Qd5 Bb2 52.
Kg2 Bxa3 53. Qxb5 Be7 {=} 54. Qe8+ Kg7 55. g5 Bd6 56. Qe6 Bf4 57. Kf2 h6 58. h5
Bxg5 59. Qxg6+ Kf8 60. Qd6+ Kg7 61. Qd4+ Bf6 62. Qg4+ Bg5 63. Ke2 Rf4 64. Qe6
Kf8 65. Qd7 Kg8 66. Qb7 Kf8 67. Qh7 Ke8 68. Qg7 Kd8 69. Kf2 Ke8 70. Kg3 Rf7 71.
Qh8+ Ke7 72. Qb8 Rf6 73. Qe5+ Kf7 74. Kg4 Kf8 75. Qc7 Rf7 76. Qb8+ Kg7 77. Qe5+
Kg8 78. Kg3 Rf6 79. Qe8+ Kg7 80. Kf2 Rf4 81. Ke2 Rf7 82. Qa8 Rf8 83. Qd5 Re8+
84. Kf2 Rf8 85. Qe5+ Rf6 86. Ke2 Kf7 87. Kd1 Kf8 88. Qd5 Rf4 89. Kc2 Ke7 90.
Kd3 Kf8 91. Qb7 Kg8 92. Qd5+ 1/2-1/2

[Event "Championnat de France - Accession"]
[Site "Chartres"]
[Date "2005.08.23"]
[Round "7.8"]
[White "Colin, Vincent"]
[Black "Chomet, Pascal"]
[Result "1/2-1/2"]
[WhiteElo "2368"]
[BlackElo "2317"]
[PlyCount "33"]
[EventDate "2005.??.??"]

1. e4 e5 2. Nf3 Nc6 3. Bb5 a6 4. Ba4 Nf6 5. O-O Be7 6. d4 exd4 7. Re1 O-O 8. e5
Ne8 9. c3 dxc3 10. Nxc3 d6 11. exd6 Nxd6 12. Nd5 Be6 13. Bxc6 bxc6 14. Nxe7+
Qxe7 15. Bg5 Qe8 16. Bf4 Qb8 17. Be5 1/2-1/2

[Event "Championnat de France - Accession"]
[Site "Chartres"]
[Date "2005.08.23"]
[Round "7.9"]
[White "Onkoud, Abdelaziz"]
[Black "Vernay, Clovis"]
[Result "1-0"]
[WhiteElo "2361"]
[BlackElo "2238"]
[PlyCount "61"]
[EventDate "2005.??.??"]

1. c4 e5 2. Nc3 Nf6 3. Nf3 Nc6 4. g3 d5 5. cxd5 Nxd5 6. Bg2 Nb6 7. O-O Be7 8.
Rb1 a5 9. b3 O-O 10. d3 Be6 11. Bb2 f6 12. Rc1 Qd7 13. Re1 Bb4 14. a3 Be7 15.
Ne4 Nd5 16. Nc5 Bxc5 17. Rxc5 Rfd8 18. Qc2 Rac8 19. Rc1 Nde7 20. Nd2 Bd5 21.
Bxd5+ Nxd5 22. Qc4 Kh8 23. Qb5 Nde7 24. Qxb7 e4 25. Rxc6 exd3 26. Rxc7 dxe2 27.
Rxd7 Rxc1+ 28. Bxc1 e1=Q+ 29. Kg2 Re8 30. Qe4 Qxc1 31. Rxe7 1-0

[Event "Championnat de France - Accession"]
[Site "Chartres"]
[Date "2005.08.23"]
[Round "7.10"]
[White "Manouck, Thierry"]
[Black "Bergez, Luc"]
[Result "1-0"]
[WhiteElo "2273"]
[BlackElo "2353"]
[PlyCount "51"]
[EventDate "2005.??.??"]

1. c4 c6 2. Nf3 d5 3. Na3 g6 4. g3 Bg7 5. Bg2 e5 6. d3 Ne7 7. O-O O-O 8. Rb1 a6
9. e4 Nd7 10. b4 a5 11. b5 dxe4 12. dxe4 Nc5 13. Bb2 Nxe4 14. Qe2 f5 15. Nxe5
Qc7 16. f4 cxb5 17. Nxb5 Qb8 18. Bxe4 fxe4 19. Ba3 Bxe5 20. fxe5 Rxf1+ 21. Rxf1
Qxe5 22. Bd6 Qe6 23. c5 Nd5 24. Nd4 Nc3 25. Rf8+ Kg7 26. Nxe6+ 1-0

[Event "Championnat de France - Accession"]
[Site "Chartres"]
[Date "2005.08.23"]
[Round "7.11"]
[White "Ravot, Sylvain"]
[Black "Bijaoui, Manuel"]
[Result "0-1"]
[WhiteElo "2265"]
[BlackElo "2338"]
[PlyCount "82"]
[EventDate "2005.??.??"]

1. e4 c5 2. Nf3 d6 3. d4 cxd4 4. Nxd4 Nf6 5. Nc3 a6 6. Bc4 e6 7. O-O Be7 8. Bb3
O-O 9. f4 Qc7 10. Kh1 Nc6 11. Re1 Ng4 12. Qxg4 Nxd4 13. Be3 Nxb3 14. axb3 b5
15. f5 Bf6 16. Nxb5 Qxc2 17. Nxd6 Qxb3 18. Rad1 Qxb2 19. Nc4 Qc2 20. e5 exf5
21. Qf3 Bh4 22. Bc5 Bxe1 23. Bxf8 Bb7 24. Qxb7 Qxd1 25. Ne3 Qc1 26. Ba3 Qc8 27.
Qb1 Bd2 28. Nxf5 Qc3 29. Bd6 Qc1+ 30. Qxc1 Bxc1 31. Ne7+ Kh8 32. Nd5 a5 33. Nb6
Ra6 34. Na4 Rc6 35. g3 Be3 36. Kg2 Rc4 37. Nb2 Rc2+ 38. Kf3 Rxb2 39. Kxe3 Rxh2
40. g4 h5 41. e6 Rh3+ 0-1

[Event "Championnat de France - Accession"]
[Site "Chartres"]
[Date "2005.08.23"]
[Round "7.12"]
[White "Roos, Louis"]
[Black "Therkildsen, Thomas"]
[Result "1-0"]
[WhiteElo "2334"]
[BlackElo "2264"]
[PlyCount "81"]
[EventDate "2005.??.??"]

1. Nf3 b5 2. e3 a6 3. a4 b4 4. a5 Nf6 5. d4 e6 6. c4 Bb7 7. Nbd2 c5 8. Bd3 d6
9. O-O Be7 10. Qc2 O-O 11. Rd1 Nbd7 12. b3 Qc7 13. Bb2 h6 14. Nf1 Rac8 15. Ng3
Rfe8 16. h3 Qb8 17. Qe2 Qa8 18. Ne1 Bf8 19. dxc5 Rxc5 20. e4 Ne5 21. Bc2 Nfd7
22. f4 Nc6 23. Qg4 Qd8 24. Rxd6 g6 25. Rd2 h5 26. Qd1 Ncb8 27. Nf3 Bh6 28. Ne5
Bxf4 29. Nxd7 Bxd2 30. Nf6+ Kf8 31. Qf3 h4 32. Rf1 Re7 33. Qf2 hxg3 34. Qxc5
Bc3 35. Bxc3 bxc3 36. Rd1 Qc7 37. Qg5 Kg7 38. Nh5+ Kh7 39. Nf6+ Kg7 40. Ng4 f5
41. Qh6+ 1-0

[Event "Championnat de France - Accession"]
[Site "Chartres"]
[Date "2005.08.23"]
[Round "7.13"]
[White "Delorme, Alban"]
[Black "Housieaux, David"]
[Result "0-1"]
[WhiteElo "2254"]
[BlackElo "2329"]
[PlyCount "106"]
[EventDate "2005.??.??"]

1. e4 e6 2. d4 d5 3. Nc3 Bb4 4. e5 Qd7 5. a3 Bf8 6. f4 b6 7. Nf3 Ba6 8. Bxa6
Nxa6 9. Qd3 Nb8 10. O-O Ne7 11. Ne2 h5 12. c4 dxc4 13. Qxc4 Nbc6 14. Be3 Nd5
15. Bf2 g6 16. Rac1 Nce7 17. Ng5 Nf5 18. Ne4 Be7 19. Qd3 O-O-O 20. N2c3 Kb8 21.
Nxd5 Qxd5 22. Rfd1 Rd7 23. b4 Rhd8 24. Rc4 b5 25. Rc3 Nxd4 26. Rdc1 Qb7 27. Nc5
Bxc5 28. Rxc5 a6 29. h3 Nf5 30. Qc3 {=} 30... Rd1+ 31. Kh2 Rxc1 32. Qxc1 Rd7
33. Rc6 Ne7 34. Rc3 Qe4 35. a4 Nd5 36. Rf3 Qc4 37. Qa1 bxa4 38. Qxa4 Qb5 39.
Qxb5+ axb5 40. Bc5 Kb7 41. Kg3 Nb6 42. Kh4 Na4 43. Bf2 Nb2 44. Kg5 Nd3 45. Bc5
Nxc5 46. bxc5 Kc6 47. Rc3 Rd4 48. g3 b4 49. Rc1 b3 50. Kf6 h4 51. f5 hxg3 52.
fxe6 fxe6 53. Kxe6 b2 0-1

[Event "Championnat de France - Accession"]
[Site "Chartres"]
[Date "2005.08.23"]
[Round "7.14"]
[White "Marcantoni, Herve"]
[Black "Lepelletier, Benoit"]
[Result "1/2-1/2"]
[WhiteElo "2251"]
[BlackElo "2459"]
[PlyCount "86"]
[EventDate "2005.??.??"]

1. e4 c5 2. Nf3 e6 3. d4 cxd4 4. Nxd4 Nf6 5. Nc3 d6 6. g3 Be7 7. Bg2 O-O 8. O-O
a6 9. f4 Qc7 10. g4 Nc6 11. Nxc6 bxc6 12. g5 Nd7 13. f5 Re8 14. f6 Bf8 15. fxg7
Bxg7 16. Bf4 Ne5 17. Bxe5 Bxe5 18. Qh5 a5 19. Rf3 Ba6 20. Bf1 Bxf1 21. Raxf1 f6
22. gxf6 Qf7 23. Qh4 Kh8 24. Kh1 Rg8 25. Ne2 Raf8 26. b3 Rg6 27. Qf2 c5 28. c3
Rg4 29. Rg1 Rxg1+ 30. Qxg1 Rg8 31. Qf2 Rg6 32. c4 Kg8 33. Qh4 Rxf6 34. Rxf6
Bxf6 35. Qg4+ Kf8 36. Nf4 Ke7 37. Kg2 Be5 38. Nd3 Bd4 39. Nf4 Be3 40. Nd3 h5
41. Qg3 Bd4 42. h3 Kd7 43. Qg5 Bf6 1/2-1/2

[Event "Championnat de France - Accession"]
[Site "Chartres"]
[Date "2005.08.23"]
[Round "7.15"]
[White "Bleunven, Andre"]
[Black "Philippe, Christophe"]
[Result "0-1"]
[WhiteElo "2247"]
[BlackElo "2411"]
[PlyCount "158"]
[EventDate "2005.??.??"]

1. d4 Nf6 2. Nf3 c5 3. d5 e6 4. c4 d6 5. Nc3 exd5 6. cxd5 g6 7. Qa4+ Bd7 8. Qb3
b5 9. Nxb5 Qa5+ 10. Qc3 Qxc3+ 11. Nxc3 Na6 12. Bg5 Bg7 13. e4 Nc7 14. h3 Rb8
15. O-O-O O-O 16. Nd2 Rb4 17. a3 Rb7 18. Nc4 Rfb8 19. Rd2 Nfe8 20. Bd3 Bxc3 21.
bxc3 Rb3 22. Ra2 Rxc3+ 23. Kd2 Rcb3 24. Bc2 R3b7 25. Bf4 Nb5 26. Rb1 f5 27. f3
fxe4 28. fxe4 Nf6 29. a4 Nd4 30. Rxb7 Rxb7 31. Nxd6 Rb4 32. Be5 Ne8 33. Nxe8
Bxe8 34. Bd1 Nb3+ 35. Ke3 c4 36. Bc3 Rb7 37. Rf2 Nc5 38. Rf6 Rb1 39. Bc2 Rc1
40. Bb4 Rxc2 41. Bxc5 Bxa4 42. Rf8+ Kg7 43. Rc8 Rxg2 44. Bd4+ Kh6 45. Rxc4 Bb5
46. Rc5 Bd7 47. e5 Bxh3 48. Kf3 g5 49. Bc3 Kg6 50. Bd4 Kf5 51. e6 g4+ 52. Ke3
Rg3+ 53. Kd2 Rb3 54. e7 Rb8 55. Rc6 Re8 56. Re6 g3 57. Re1 h5 58. d6 Kg6 59.
Rg1 h4 60. Rh1 Bd7 61. Rxh4 a5 62. Ke3 Rb8 63. Rh1 Kg5 64. Rg1 Kg4 65. Be5 {=}
65... Rb3+ 66. Kd2 a4 67. Re1 g2 68. Bd4 Rb8 69. Re4+ Kf3 70. Re3+ Kf4 71. Re1
a3 72. Kd3 a2 73. Re4+ Kg3 74. Be5+ Kh3 75. Re3+ Kh4 76. Re1 Rb1 77. Bf6+ Kh5
78. e8=Q+ Bxe8 79. Rxe8 a1=Q 0-1

[Event "Championnat de France - Accession"]
[Site "Chartres"]
[Date "2005.08.23"]
[Round "7.16"]
[White "Bernard, Christophe"]
[Black "Alanic, Mickael"]
[Result "1-0"]
[WhiteElo "2321"]
[BlackElo "2228"]
[PlyCount "51"]
[EventDate "2005.??.??"]

1. d4 Nf6 2. c4 e6 3. Nf3 Bb4+ 4. Nbd2 c5 5. dxc5 Na6 6. a3 Bxd2+ 7. Nxd2 Nxc5
8. b4 Nce4 9. Nxe4 Nxe4 10. Bb2 Qg5 11. Qd4 f5 12. g3 O-O 13. Bg2 Qg6 14. c5 b6
15. cxb6 axb6 16. Qxb6 Ra6 17. Qe3 Bb7 18. f4 h5 19. O-O h4 20. Rfd1 hxg3 21.
hxg3 Bd5 22. Bxe4 fxe4 23. Rac1 Qg4 24. Kf2 e5 25. Bxe5 Rxa3 26. Qxa3 1-0

[Event "Championnat de France - Accession"]
[Site "Chartres"]
[Date "2005.08.23"]
[Round "7.17"]
[White "Feller, Sebastien"]
[Black "Robin, Samy"]
[Result "1/2-1/2"]
[WhiteElo "2282"]
[BlackElo "2231"]
[PlyCount "45"]
[EventDate "2005.??.??"]

1. g3 e5 2. Bg2 f5 3. c4 Nf6 4. Nc3 Nc6 5. d3 Be7 6. e3 O-O 7. Nge2 d6 8. O-O
Bd7 9. Nd5 Rc8 10. Nec3 Nxd5 11. Nxd5 b6 12. b4 a5 13. a3 Qe8 14. Bd2 axb4 15.
axb4 Bd8 16. b5 Ne7 17. Nxe7+ Bxe7 18. Bb7 Rb8 19. Bd5+ Kh8 20. Ra7 Rc8 21. Bb7
Rb8 22. Bd5 Rc8 23. Bb7 1/2-1/2

[Event "Championnat de France - Accession"]
[Site "Chartres"]
[Date "2005.08.23"]
[Round "7.18"]
[White "Flament, Francois"]
[Black "Bedouin, Xavier"]
[Result "0-1"]
[WhiteElo "2183"]
[BlackElo "2274"]
[PlyCount "78"]
[EventDate "2005.??.??"]

1. Nf3 Nf6 2. c4 g6 3. d4 Bg7 4. Nc3 d5 5. Bg5 Ne4 6. cxd5 Nxg5 7. Nxg5 e6 8.
Nf3 exd5 9. b4 O-O 10. Qb3 Be6 11. e3 Nd7 12. Bd3 Re8 13. O-O c6 14. Rac1 Bf8
15. Na4 b5 16. Nc3 Nb6 17. a4 a6 18. a5 Nc4 19. Rb1 Bd6 20. Bxc4 dxc4 21. Qa3
Bf5 22. Rb2 {=} 22... Qe7 23. Re1 Bd3 24. e4 f6 25. h3 Rad8 26. e5 fxe5 27.
Nxe5 Bxe5 28. dxe5 Qg5 29. Nd1 Rxe5 30. Ne3 Qf4 31. Qc3 Qd4 32. Rc1 Qxc3 33.
Rxc3 Kf7 34. Kh2 Ke6 35. Kg3 Rd4 36. Rc1 h5 37. Rc3 Kd6 38. Nc2 Bxc2 39. Rcxc2
c5 0-1

[Event "Championnat de France - Accession"]
[Site "Chartres"]
[Date "2005.08.23"]
[Round "7.20"]
[White "Ragot, Nicolas"]
[Black "Dussol, Pierre"]
[Result "1-0"]
[WhiteElo "2156"]
[BlackElo "2261"]
[PlyCount "135"]
[EventDate "2005.??.??"]

1. c4 e5 2. g3 Nc6 3. Bg2 g6 4. Nc3 Bg7 5. e4 d6 6. Nge2 Be6 7. d3 h5 8. h4 Qd7
9. Nd5 Nh6 10. Bg5 Ng4 11. f3 f6 12. Bd2 Nh6 13. b4 O-O 14. O-O Nd8 15. b5 c6
16. bxc6 bxc6 17. Ndc3 Bh3 18. d4 Bxg2 19. Kxg2 exd4 20. Nxd4 Nhf7 21. Nce2 Ne5
22. Qc2 c5 23. Nb3 Rb8 24. Nf4 Ne6 25. Nd5 f5 26. Rac1 Nc6 27. Be3 a5 28. Rb1
a4 29. Nd2 Nb4 30. Nxb4 cxb4 31. exf5 gxf5 32. f4 Nc5 33. Bxc5 dxc5 34. Nf3 Qc6
35. Kh3 Bc3 36. Rbd1 Qe4 37. Qxa4 Ra8 38. Qd7 Rxa2 39. Rd6 Qe8 40. Qb7 Rf7 41.
Qd5 Qe2 42. Rg1 Qe4 43. Rg6+ Bg7 44. Qd8+ Kh7 45. Ng5+ Kxg6 46. Nxe4 fxe4 47.
Qg5+ Kh7 48. Qxh5+ Kg8 49. Qxc5 b3 50. Rd1 Ra8 51. Qc6 Rb8 52. Qxe4 b2 53. h5
Ra7 54. Qe6+ Kh8 55. h6 Bc3 56. Rb1 Ra1 57. Qe4 Rxb1 58. Qxb1 Ra8 59. Kg4 Ra1
60. Qd3 Bf6 61. Qg6 Bc3 62. Qd3 Rc1 63. Qd8+ Kh7 64. Qe7+ Kxh6 65. Qe6+ Kh7 66.
f5 Rh1 67. Qf7+ Kh8 68. f6 1-0

[Event "Championnat de France - Accession"]
[Site "Chartres"]
[Date "2005.08.23"]
[Round "7.21"]
[White "Ouakhir, Mehdi"]
[Black "Picard, Romain"]
[Result "0-1"]
[WhiteElo "2239"]
[BlackElo "2369"]
[PlyCount "42"]
[EventDate "2005.??.??"]

1. d4 e6 2. c4 b6 3. e4 Bb7 4. Bd3 f5 5. exf5 Bb4+ 6. Kf1 Nf6 7. c5 bxc5 8. a3
c4 9. Bxc4 Ba5 10. Bxe6 Nc6 11. Ne2 dxe6 12. fxe6 Bb6 13. d5 Ne4 14. Nf4 Ba6+
15. Nd3 Nxf2 16. Qa4 Bxd3+ 17. Ke1 Nxh1 18. Qxc6+ Kf8 19. Bd2 a5 20. d6 Qh4+
21. Kd1 Qe4 0-1

[Event "Championnat de France - Open A"]
[Site "Chartres"]
[Date "2005.??.??"]
[Round "7.1"]
[White "Platel, Alexandre"]
[Black "Rabineau, Clement"]
[Result "0-1"]
[WhiteElo "2164"]
[BlackElo "2179"]
[PlyCount "72"]
[EventDate "2005.??.??"]

1. e4 c5 2. Nf3 e6 3. c3 Nf6 4. e5 Nd5 5. d4 cxd4 6. cxd4 d6 7. a3 Be7 8. Bd3
O-O 9. O-O b6 10. Qe2 Nd7 11. Nc3 Nxc3 12. bxc3 Bb7 13. Bf4 dxe5 14. Nxe5 Nxe5
15. Bxe5 Rc8 16. Qh5 g6 17. Qh6 Bf6 18. Bxf6 Qxf6 19. Rac1 Rc7 20. Rc2 Rfc8 21.
Qd2 Qe7 22. Ra1 Qd6 23. Qe1 Qd5 24. Bf1 Qb3 25. Rac1 b5 26. Qd2 a6 27. c4 bxc4
28. Qb4 Qxb4 29. axb4 Bd5 30. Ra2 Rb8 31. Rxa6 Rxb4 32. Ra3 Rb2 33. Ra5 c3 34.
Rc5 Rxc5 35. dxc5 c2 36. Bd3 Bb3 0-1

[Event "Championnat de France - Open A"]
[Site "Chartres"]
[Date "2005.??.??"]
[Round "7.2"]
[White "Laval, Brice"]
[Black "Milesi, Laurent"]
[Result "1-0"]
[WhiteElo "2178"]
[BlackElo "2144"]
[PlyCount "109"]
[EventDate "2005.??.??"]

1. e4 c5 2. Nc3 e6 3. Nf3 a6 4. d4 cxd4 5. Nxd4 b5 6. g3 Bb7 7. Bg2 Nf6 8. a3
Qc7 9. O-O Nc6 10. Nxc6 dxc6 11. Qe2 e5 12. a4 Rd8 13. axb5 cxb5 14. Bg5 Be7
15. Bxf6 Bxf6 16. Nd5 Qc6 17. Ra3 O-O 18. Rf3 Rxd5 19. exd5 Qxd5 20. Rd1 Qc6
21. c3 Re8 22. h4 g6 23. Qf1 Bg7 24. Rfd3 e4 25. Rd8 Bf8 26. Qe2 Kg7 27. Rxe8
Qxe8 28. Qd2 Bc5 29. Qd7 Qb8 30. Kf1 Ba8 31. b4 Bxf2 32. Kxf2 e3+ 33. Ke2 Bxg2
34. Qd4+ f6 35. Qxe3 Qc7 36. Kf2 Bh3 37. Re1 Qc6 38. Qe7+ Kh6 39. Qe3+ Kg7 40.
Qe7+ Kh6 41. Qe4 Qxc3 42. Qe3+ Qxe3+ 43. Kxe3 g5 44. hxg5+ fxg5 45. Rh1 g4 46.
Kf2 Kg5 47. Rc1 Kf5 48. Ke3 Ke5 49. Rc5+ Kd6 50. Kd4 Bf1 51. Rh5 a5 52. Rh6+
Kc7 53. Rxh7+ Kb6 54. Rh6+ Kc7 55. bxa5 1-0

[Event "Championnat de France - Open A"]
[Site "Chartres"]
[Date "2005.08.??"]
[Round "7.4"]
[White "Entem, Alan"]
[Black "Jaulin, Marc"]
[Result "1-0"]
[WhiteElo "2127"]
[BlackElo "2135"]
[PlyCount "66"]
[EventDate "2005.??.??"]

1. e4 c5 2. Nf3 e6 3. d4 cxd4 4. Nxd4 a6 5. g3 Qc7 6. Bg2 Nf6 7. O-O Nc6 8. Nc3
Bb4 9. Nce2 Be7 10. c4 O-O 11. b3 Rd8 12. Nc3 d6 13. Be3 Ne5 14. h3 b5 15. f4
bxc4 16. Qc2 cxb3 17. axb3 Ng6 18. Rac1 Bd7 19. g4 Rac8 20. g5 Ne8 21. Qf2 Qa5
22. h4 f5 23. h5 Nf8 24. exf5 exf5 25. Nd5 Kf7 26. Rce1 Ne6 27. Nxe6 Bxe6 28.
Bd2 Qc5 29. g6+ hxg6 30. hxg6+ Kf8 31. Rxe6 Qxf2+ 32. Rxf2 Bh4 33. Rf3 Kg8 1-0